|
|
|
|
| LEADER |
01345cam a2200385Ia 4500 |
| 001 |
9780203622582 |
| 003 |
FlBoTFG |
| 005 |
20110119191319.0 |
| 006 |
a|||||s||||||||||| |
| 007 |
cr|||| |
| 008 |
110119s2004 enkab sb 001 0beng d |
| 020 |
|
|
|a 9780203622582 (e-book : PDF)
|
| 040 |
|
|
|a FlBoTFG
|c FlBoTFG
|d GrThAP
|
| 043 |
|
|
|a e------
|a ff-----
|a aw-----
|
| 090 |
|
|
|a DG315
|b .P65 2004
|
| 092 |
|
|
|a 937.08092
|b P748
|
| 100 |
1 |
|
|a Pohlsander, Hans A.,
|d 1927-
|
| 245 |
1 |
4 |
|a The Emperor Constantine
|h [electronic resource] /
|c Hans A. Pohlsander.
|
| 250 |
|
|
|a 2nd ed.
|
| 260 |
|
|
|a London ;
|a New York :
|b Routledge,
|c 2004.
|
| 300 |
|
|
|a xii, 122 p. :
|b ill., maps.
|
| 490 |
1 |
|
|a Lancaster pamphlets in ancient history
|
| 504 |
|
|
|a Includes bibliographical references (p. [111]-116) and index.
|
| 530 |
|
|
|a Also available in print edition.
|
| 538 |
|
|
|a Mode of access: World Wide Web.
|
| 600 |
0 |
0 |
|a Constantine
|b I,
|c Emperor of Rome,
|d d. 337.
|
| 650 |
|
0 |
|a Emperors
|z Rome
|v Biography.
|
| 651 |
|
0 |
|a Rome
|x History
|y Constantine I, the Great, 306-337.
|
| 655 |
|
7 |
|a Electronic books.
|2 lcsh
|
| 776 |
1 |
|
|z 9780415319386
|
| 776 |
1 |
|
|z 9780415319379
|
| 776 |
1 |
|
|z 0415319382
|
| 776 |
1 |
|
|z 0415319374
|
| 830 |
|
0 |
|a Lancaster pamphlets in ancient history.
|
| 856 |
4 |
0 |
|u http://www.tandfebooks.com/isbn/9780203622582
|z Full Text via HEAL-Link
|